<?xml version="1.0" encoding="UTF-8"?>
<record
    xmlns:xsi="http://www.w3.org/2001/XMLSchema-instance"
    xsi:schemaLocation="http://www.loc.gov/MARC21/slim http://www.loc.gov/standards/marcxml/schema/MARC21slim.xsd"
    xmlns="http://www.loc.gov/MARC21/slim">

  <leader>02348nam a22002894a 4500</leader>
  <controlfield tag="001">37475</controlfield>
  <controlfield tag="003">BD-RjUL</controlfield>
  <controlfield tag="005">20211209052620.0</controlfield>
  <controlfield tag="008">150120s2001    nhua     b    001 0 eng  </controlfield>
  <datafield tag="020" ind1=" " ind2=" ">
    <subfield code="a">1578081556</subfield>
  </datafield>
  <datafield tag="035" ind1=" " ind2=" ">
    <subfield code="a">(BD-RjUL)37579</subfield>
  </datafield>
  <datafield tag="040" ind1=" " ind2=" ">
    <subfield code="a">DLC</subfield>
    <subfield code="c">DLC</subfield>
    <subfield code="d">DLC</subfield>
    <subfield code="b">eng</subfield>
  </datafield>
  <datafield tag="041" ind1=" " ind2=" ">
    <subfield code="a">eng</subfield>
  </datafield>
  <datafield tag="082" ind1="0" ind2="0">
    <subfield code="a">632.96</subfield>
    <subfield code="2">21</subfield>
    <subfield code="b">INS 2001</subfield>
  </datafield>
  <datafield tag="245" ind1="0" ind2="0">
    <subfield code="a">Insects and plant defence dynamics /</subfield>
    <subfield code="c">editor, T.N. Ananthakrishnan.</subfield>
  </datafield>
  <datafield tag="260" ind1=" " ind2=" ">
    <subfield code="a">Enfield, (NH) :</subfield>
    <subfield code="b">Science Publishers,</subfield>
    <subfield code="c">c2001.</subfield>
  </datafield>
  <datafield tag="300" ind1=" " ind2=" ">
    <subfield code="a">xii, 253 p. :</subfield>
    <subfield code="b">ill. ;</subfield>
    <subfield code="c">25 cm.</subfield>
  </datafield>
  <datafield tag="504" ind1=" " ind2=" ">
    <subfield code="a">Includes bibliographical references.</subfield>
  </datafield>
  <datafield tag="505" ind1="8" ind2=" ">
    <subfield code="a">Machine generated contents note: Preface -- Introduction -- Chapter 1 Phytochemical defence profiles ininsect-plant interactions -- TN. Ananthakrishnan -- Chapter 2 The role of essential nutrients and minerals in insect -- resistance in crop plants -- N.K. Fageria and Mark Scriber -- Chapter 3 Synthesis of chemical defenses in maize silks against -- corn earworm and their inheritance in the flavonoid -- pathway -- N.W. Widstrom, M.E. Snook and B.Z Guo -- Chapter 4 Semiochemistry of Crucifer and their Herbivores -- Alireza Aliabadi and Douglas W. Whitman -- Chapter 5 Tetranortriterpenoids and Quassinoids: Constitutive -- chemical defenses of the Rutales -- T.R. Govindachari, G. Suresh and Geetha Gopalakrishnan -- Chapter 6 Role of plant surface in resistance to insect herbivores -- A. John Peter and Thomas G. Shanower -- Chapter 7 Host plant resistance to insects: Measurement, -- mechanisms and Insect-plant environment interactions -- H.C Sharma, B.U. Singh and Rodomiro-Ortiz -- Chapter 8 Defensive tactics of caterpillars against predators and -- parasitoids -- Brent A. Salazar and Douglas W. Whitman -- Chapter 9 Sluggish movement of conspicuousinsects as a defense -- mechanism against motion-oriented predators -- John D. Hatle and Douglas W. Whitman -- Chapter 10 Molecular approaches to host plant defences against -- insects -- TN. Aanthakrishnan -- Chapter 11 Chemical Ecology: The Future -- TN. Ananthakrishnan -- Index.</subfield>
  </datafield>
  <datafield tag="650" ind1=" " ind2="0">
    <subfield code="a">Plants</subfield>
    <subfield code="x">Insect resistance.</subfield>
    <subfield code="9">115093</subfield>
  </datafield>
  <datafield tag="650" ind1=" " ind2="0">
    <subfield code="a">Plant defenses.</subfield>
    <subfield code="9">115094</subfield>
  </datafield>
  <datafield tag="700" ind1="1" ind2=" ">
    <subfield code="a">Ananthakrishnan, T. N.,</subfield>
    <subfield code="d">1925-</subfield>
    <subfield code="9">115095</subfield>
  </datafield>
  <datafield tag="856" ind1="4" ind2=" ">
    <subfield code="3">Table of Contents</subfield>
    <subfield code="u">http://www.loc.gov/catdir/toc/fy02/00053345.html</subfield>
  </datafield>
  <datafield tag="942" ind1=" " ind2=" ">
    <subfield code="2">ddc</subfield>
    <subfield code="c">BK</subfield>
  </datafield>
  <datafield tag="999" ind1=" " ind2=" ">
    <subfield code="c">37475</subfield>
    <subfield code="d">37475</subfield>
  </datafield>
  <datafield tag="952" ind1=" " ind2=" ">
    <subfield code="0">0</subfield>
    <subfield code="1">0</subfield>
    <subfield code="2">ddc</subfield>
    <subfield code="4">0</subfield>
    <subfield code="7">1</subfield>
    <subfield code="a">IBSc</subfield>
    <subfield code="b">IBSc</subfield>
    <subfield code="c">Stack</subfield>
    <subfield code="d">2015-01-20</subfield>
    <subfield code="g">742.00</subfield>
    <subfield code="l">0</subfield>
    <subfield code="o">632.96 INS 2001</subfield>
    <subfield code="r">2015-01-20 00:00:00</subfield>
    <subfield code="t">C-1</subfield>
    <subfield code="w">2015-01-20</subfield>
    <subfield code="y">BK</subfield>
  </datafield>
  <datafield tag="952" ind1=" " ind2=" ">
    <subfield code="0">0</subfield>
    <subfield code="1">0</subfield>
    <subfield code="2">ddc</subfield>
    <subfield code="4">0</subfield>
    <subfield code="7">1</subfield>
    <subfield code="a">IBSc</subfield>
    <subfield code="b">IBSc</subfield>
    <subfield code="c">Stack</subfield>
    <subfield code="d">2015-01-20</subfield>
    <subfield code="g">1200.00</subfield>
    <subfield code="l">0</subfield>
    <subfield code="o">632.96 INS 2001</subfield>
    <subfield code="r">2015-01-20 00:00:00</subfield>
    <subfield code="t">C-2</subfield>
    <subfield code="w">2015-01-20</subfield>
    <subfield code="y">BK</subfield>
  </datafield>
</record>
